000 00307nam a22001337a 4500
008 181204b xxu||||| |||| 00| 0 eng d
020 _a9780534644581
041 _aeng
080 _27 TH
_a316
100 _a50
101 _aSOC
245 _aDirect Socila Work Practice
_cDean.H.H
942 _2udc
_cBK
999 _c52774
_d52774